東京ヤクルトスワローズ 歴代応援歌 中-上級編 - Statistics

General Stats
  • This quiz has been taken 5 times
  • The average score is 17 of 30
Answer Stats
Hint Answer % Correct
磨けそのパワー その技をハートを夢叶える為 育て宮出大きく 宮出隆自
100%
打て 打て オイ!オイ!○○打て 打て オイ!オイ!○○ 打て 打て 不屈のファイター 福川将和
80%
今こそ立ち上がれ 出番が来たぞ力強く翔べ走れ 燃えろ55○○ 野口祥順
80%
ホームラン頼むぞ○○ 一発ぶちかませ飛ばせ空の果てまでも ホームラン○○ 高橋智
80%
燃えろ○○○○ ハートに輝く熱いプレーとパワー ハリケーン○○ ハドラー
80%
マウンドに上がったら 無敵の○○先発 完投 大黒柱 吉井理人
80%
今だチャンスだ ここで打てかっとばせ勝利の雄叫び 上げろよ○○ 若いものには まだまだ負けるな○○ 今日も見せてくれ でっかいアーチを○○ エースを守るのは お前だよ○○ お前のそのバットで 勝利へ導け○○ 八重樫幸雄
80%
輝け空高く 光れ○○ 一番星若さとスピードで 真っ向勝負 山部太
80%
住み慣れた我が家に 花の香りを添えてリフォームしようよ 新日本ハウス 吹き荒れた嵐を 一振りで切り裂いて 吼えろ闘え 栄光に突き進め 鈴木健
80%
一球一打に命を懸けて 24時間戦えますかかっ飛ばせ○○ かっ飛ばせ○○ 橋上秀樹
80%
守備も上手い足も速い 肩も強い燃えろ○○ダイヤモンド駆け巡れ 行くぞ我らのスプリンター 柳田浩一(柳田昌夫)
80%
攻守に輝く プレーで魅せろ○○流れを引き寄せ 勝利へ導け 城石憲之
60%
想い込めた歌に乗せて 魅せろ亮太君の手で掴み取れ 勝利の瞬間を 谷内亮太
60%
飛びつけ飛び込めナイスキャッチ 右へ左へ見せろ○○ 華麗な守備を 宮本慎也
60%
燕の要にゃ 俺も居る肩の強さは負けない 行くぞ○○ 米野智人
60%
ガッツとしぶとさだけは 誰にも負けない○○今だチャンス広げろ ボールに食らい付け 金森栄治
60%
俊足好打の アグレッシブプレイヤー○○さぁ大きく羽ばたけ ファイター○○ 稲葉篤紀
60%
○○のグラブは 魔法のグラブだどんな打球も 鋭くキャッチ 辻発彦
60%
夢に見たぞ待ってたぞ 凛々しく投げるその姿高く雄々しく翔べ フェニックス○○ 幾度も試練乗り越えて 一人耐えて投げまくる 君の勇姿 今日も見せろ○○ 荒木大輔
60%
輝けるその脚で 今日も勝利のホームへ走れ駆け抜ける風を背に 夢を掴めよ今こそ 浜名千広
40%
パワフル○○のストレート 雲の上から来る今年はLet's try perfect game You're tough guy great guy ○○ ブロス
40%
ここで一発決めろ 狙えホームラン○○左キラー任せたぞ レフトスタンドへ 大野雄次
40%
明日のエースだぞ ファイトだ○○投げろ重いストレート 若い力込めて 北川哲也
40%
燃えろ○○ 炎のストッパー敵のバットを へし折れ○○ 山田勉
40%
根性見せて投げ抜け ここで決め球ストレートお前の投げる その姿 この目に焼き付けた 石堂克則
20%
アンダースローの快速球 勝利を呼び込めよカーブシンカー 一級品 サブマリン○○ 宮本賢治
20%
ゴーゴーゴーゴー○○ レッツゴーレッツゴー○○大空切り裂く 弾丸ライナー クラーク
20%
磨き抜かれた技と 光るマウンド度胸粘り強く投げ抜けよ いぶし銀○○ 金沢次男
20%
ピンチの時には お前の出番強気で攻めろよ 若武者○○ 河端龍
20%
見せろ男の意地を 吠えろ今日もマウンドで瞳の炎を燃やせ熱き男○○ 入来智
20%
No matching quizzes found
Score Distribution
Percent of People with Each Score
Percentile by Number Answered
Your Score History
You have not taken this quiz